Zgadnij państwo po trzech żużlowcach - Statystyki

Ogólne statystyki
  • Ten quiz został rozwiązany 45 razy
  • Średni wynik to 13 z 15
Statystyki odpowiedzi
Żużlowce Państwo % Poprawnych
Bartosz Zmarzlik Polska
100%
Emil Sajfutdinow Rosja
100%
Jason Doyle Australia
98%
Nicki Pedersen Dania
98%
Fredrik Lindgren Szwecja
98%
Tai Woffinden Wielka Brytania
95%
Vaclav Milik Czechy
93%
Andzejs Lebedevs Łotwa
93%
Greg Hancock Stany Zjednoczone
93%
Martin Smolinski Niemcy
90%
Armando Castagna Włochy
90%
Matej Zagar Słowenia
85%
Dimitri Berge Francja
83%
Zoltan Adorjan Węgry
68%
Ivan Mauger Nowa Zelandia
63%
Nie znaleziono quizów pasujących do podanych kryteriów
Rozkład punktacji
Procent ludzi z każdym wynikiem
Percentyl według liczby udzielonych odpowiedzi
Twoja historia wyników
Nie rozwiązałeś tego quizu